Records Management at J R Goddard Contracting Company / (Record no. 172773)

MARC details
000 -LEADER
fixed length control field 01180nam a2200265 4500
003 - CONTROL NUMBER IDENTIFIER
control field NUST
005 - DATE AND TIME OF LATEST TRANSACTION
control field 20260417130112.0
008 - FIXED-LENGTH DATA ELEMENTS--GENERAL INFORMATION
fixed length control field 260417b |||||||| |||| 00| 0 eng d
040 ## - CATALOGING SOURCE
Original cataloging agency NUST
Language of cataloging eng
Transcribing agency NUST
Modifying agency NUST
Description conventions rda
050 ## - LIBRARY OF CONGRESS CALL NUMBER
Classification number HD9715.Z55MPO
100 ## - MAIN ENTRY--PERSONAL NAME
Personal name Mpofu, Laizah.
Relator term Author.
245 ## - TITLE STATEMENT
Title Records Management at J R Goddard Contracting Company /
Statement of responsibility by Laizah Mpofu.
260 ## - PUBLICATION, DISTRIBUTION, ETC.
Place of publication, distribution, etc. Bulawayo, Zimbabwe :
Name of publisher, distributor, etc. National University of Science and Technology ,
Date of publication, distribution, etc. ©2021.
300 ## - PHYSICAL DESCRIPTION
Extent xv, 62 pages :
Dimensions 31 cm.
Other physical details Illustrations ;
336 ## - CONTENT TYPE
Source rdacontent
Content type term text
Content type code txt
337 ## - MEDIA TYPE
Source rdamedia
Media type term unmediated
Media type code n
338 ## - CARRIER TYPE
Source rdacarrier
Carrier type term volume
Carrier type code nc
500 ## -
Typescript A research project submitted to the National University of Science and Technology in partial fulfilment of the Master of Science degree in Records and Archives Management.
501 ## - STUDY LEVEL
-- (MSc in Records and Archives Management) National University of Science and Technology, 2021.
504 ## - BIBLIOGRAPHY, ETC. NOTE
Bibliography, etc. note Includes bibliographical references.
650 ## - SUBJECT ADDED ENTRY--TOPICAL TERM
Topical term or geographic name entry element Records management
General subdivision Case studies.
650 ## - SUBJECT ADDED ENTRY--TOPICAL TERM
Topical term or geographic name entry element Construction industry
Geographic subdivision Zimbabwe.
700 ## - ADDED ENTRY--PERSONAL NAME
Personal name Dr Mehluli Masuku.
Relator term Supervisor.
942 ## - ADDED ENTRY ELEMENTS (KOHA)
Source of classification or shelving scheme Library of Congress Classification
Suppress in OPAC No
Koha item type 3-Hour Loan Material
Classification part HD9715.Z55MPO
Call number prefix HD
Call number suffix MPO
999 ## -
-- 172773
-- 172773
Holdings
Withdrawn status Lost status Source of classification or shelving scheme Damaged status Not for loan Collection Home library Current library Shelving location Date acquired Total Checkouts Full call number Barcode Date last seen Accession number Price effective from Koha item type
    LCC     NFIC MAIN MAIN GEN 04/17/2026   HD9715.Z55MPO 92004052131 04/17/2026 SC22/1264 04/17/2026 3HOUR